| 000 | 00377nam a2200157Ia 4500 | ||
|---|---|---|---|
| 005 | 20240807062035.0 | ||
| 008 | 240806s9999||||xx |||||||||||||| ||eng|| | ||
| 041 | _aeng | ||
| 082 |
_a303.4 _bMADP |
||
| 100 | _aG.R.Madan | ||
| 245 | 0 |
_aParivartan & vikas ka samajashastr / _cG.R.Madan |
|
| 260 | _bVivek Prakashan Delahi | ||
| 300 | _a384 | ||
| 650 | _aSociology | ||
| 942 | _cBK | ||
| 999 |
_c6576 _d6576 |
||